| Tag |
First Indicator |
Second Indicator |
Subfields |
| LEADER |
00000cam a2200000 a 4500 |
| 001 |
in00001007253 |
| 005 |
20150927215041.0 |
| 008 |
910401s1990 si a b 10010 eng d |
| 020 |
|
|
|a 9810204191
|
| 035 |
|
|
|a (OCoLC)23360003
|
| 035 |
|
|
|9 AFD5675AM
|
| 040 |
|
|
|a BTL
|c BTL
|d UtOrBLW
|
| 049 |
|
|
|a TXAM
|
| 090 |
|
|
|a QC450
|b S56 1990
|
| 092 |
|
|
|a 535.84
|b S61s 1990
|
| 111 |
2 |
|
|a Sino-Soviet Seminar, Spectroscopy and Optoelectronics in Semiconductors and Related Materials
|d (1990 :
|c Shanghai, China)
|
| 245 |
1 |
0 |
|a Spectroscopy and optoelectronics in semiconductors and related materials :
|b proceedings of the Sino-Soviet Seminar : Shanghai, China, 27-31 May 1990 /
|c editors, S.C. Shen [and others].
|
| 264 |
|
1 |
|a Singapore ;
|a Teaneck, N.J. :
|b World Scientific,
|c 1990.
|
| 300 |
|
|
|a xvi, 423 pages :
|b illustrations ;
|c 22 cm.
|
| 336 |
|
|
|a text
|b txt
|2 rdacontent
|
| 337 |
|
|
|a unmediated
|b n
|2 rdamedia
|
| 338 |
|
|
|a volume
|b nc
|2 rdacarrier
|
| 504 |
|
|
|a Includes bibliographical references.
|
| 650 |
|
0 |
|a Spectrum analysis.
|
| 650 |
|
0 |
|a Optoelectronics.
|
| 650 |
|
0 |
|a Semiconductors.
|
| 700 |
1 |
|
|a Shen, S. C.
|
| 999 |
|
|
|a MARS
|
| 999 |
f |
f |
|s bd6d326b-cc50-35da-a768-a7cd06a00555
|i d818cfc5-e1e6-3302-80b4-1a611fb786d6
|t 0
|
| 952 |
f |
f |
|p ric
|a Texas A&M University
|b Rellis Campus
|c Joint Library Facility
|d Remote Storage
|t 0
|e QC450 .S56 1990
|h Library of Congress classification
|i unmediated -- volume
|m A14814338014
|
| 998 |
f |
f |
|a QC450 .S56 1990
|t 0
|l Remote Storage
|